<?xml version="1.0" encoding="UTF-8"?>
<marc:record xmlns:marc="http://www.loc.gov/MARC21/slim">
   <marc:leader>00000nam a2200000 a 4500</marc:leader>
   <marc:datafield ind1="0" ind2="0" tag="245">
      <marc:subfield code="a">Nagel</marc:subfield>
   </marc:datafield>
   <marc:datafield ind1="0" ind2="0" tag="245">
      <marc:subfield code="b">Roman ; Fantasy</marc:subfield>
   </marc:datafield>
   <marc:datafield ind1="0" ind2="0" tag="245">
      <marc:subfield code="c">Michael Inger</marc:subfield>
   </marc:datafield>
   <marc:datafield ind1=" " ind2="1" tag="264">
      <marc:subfield code="a">Wien</marc:subfield>
      <marc:subfield code="b">Booklife-Verl.</marc:subfield>
      <marc:subfield code="c">2007</marc:subfield>
   </marc:datafield>
   <marc:datafield ind1=" " ind2=" " tag="250">
      <marc:subfield code="a">1. Aufl.</marc:subfield>
   </marc:datafield>
   <marc:datafield ind1="1" ind2=" " tag="520">
      <marc:subfield code="a">Angaben aus der Verlagsmeldung

Nagel

Im Herzen von Keltonieen wird ein alter Mann ermordet. Tage später kommt es zu Erschütterungen auf der ganzen Welt. Zwei Dinge müssen zueinander finden, damit es ein Morgen gibt: eine vergessene Pyramide und ein Druide namens Drorian Spezonda.

Dem steht aber nicht nur Spezindas Lebenstraum im Weg, sondern vor allem ein mörderischer Reisender...

"Wer wissen möchte, wozu Hertas Rumknödel fähig sind, wie das Julfest entstanden ist oder was es mit der grausam schönen Bibliothekarin auf sich hat, der findet die Antworten in diesem Feuerwerk der Humorvollen Fantasy."
</marc:subfield>
   </marc:datafield>
   <marc:datafield ind1=" " ind2=" " tag="020">
      <marc:subfield code="a">9783950197211</marc:subfield>
      <marc:subfield code="9">9783950197211</marc:subfield>
   </marc:datafield>
   <marc:datafield ind1=" " ind2=" " tag="020">
      <marc:subfield code="a">3950197214</marc:subfield>
      <marc:subfield code="9">3950197214</marc:subfield>
   </marc:datafield>
   <marc:datafield ind1=" " ind2=" " tag="041">
      <marc:subfield code="a">ger</marc:subfield>
   </marc:datafield>
   <marc:datafield ind1=" " ind2=" " tag="300">
      <marc:subfield code="a">334 S.</marc:subfield>
   </marc:datafield>
</marc:record>
